LEADER 01231nam0-2200397li-450 001 990000246390203316 005 20170914104127.0 010 $a0-471-71694-4 035 $a0024639 035 $aUSA010024639 035 $a(ALEPH)000024639USA01 035 $a0024639 100 $a2001998011977-------y0itay0103----ba 101 0 $aeng 102 $aUS 200 1 $aClassical kinetic theory of fluids$fP. Résibois, M. De Leener 210 $aNew York$cJohn Wiley & sons$d1977 215 $aXV, 412 p.$cill.$d23 cm 610 1 $afluidi$ameccanica 610 1 $agas$adinamica 610 1 $ameccanica statistica 676 $a53205$9Meccanica dei fluidi(Dinamica:Cinetica,Cinematica) 700 1$aRésibois,$bP.$0742716 702 1$aDe Leener,$bM. 801 $aSistema bibliotecario di Ateneo dell' Università di Salerno$gRICA 912 $a990000246390203316 951 $a532.05 RES$b8889/CBS$c532.05$d00326711 959 $aBK 969 $aSCI 979 $c19980117 979 $c20001110$lUSA01$h1715 979 $c20020403$lUSA01$h1633 979 $aPATRY$b90$c20040406$lUSA01$h1618 979 $aRSIAV7$b90$c20090907$lUSA01$h1105 996 $aClassical kinetic theory of fluids$91476147 997 $aUNISA